header

Voice actor's guide to recording at home and on the road (Record no. 3590)

MARC details
000 -LEADER
fixed length control field 01295nam a2200325Ia 4500
100 1# - MAIN ENTRY--AUTHOR NAME
Personal name Hogan, Harlan.
245 10 - TITLE STATEMENT
Title Voice actor's guide to recording at home and on the road
260 ## - PUBLICATION, DISTRIBUTION, ETC. (IMPRINT)
Place of publication Boston, MA :
Name of publisher Course Technology,
Year of publication c2009.
300 ## - PHYSICAL DESCRIPTION
Number of Pages xix, 275 p. :
Other physical details ill.
500 ## - GENERAL NOTE
General note Includes index and guide to websites.
650 #0 - SUBJECT ADDED ENTRY--TOPICAL TERM
Topical Term Sound
Topical Term Voice-overs
Topical Term Sound studios.
700 1# - ADDED ENTRY--PERSONAL NAME
Personal name Fisher, Jeffrey P.
856 40 - ELECTRONIC LOCATION AND ACCESS
Uniform Resource Identifier http://site.ebrary.com/lib/rucke/Doc?id=10282720

No items available.

© 2026 Rongo University
Contact us: librarian | system librarian | Rongo university